NPB プロ野球(2025) 本塁打を記録した選手名 - Statistics

General Stats
  • This quiz has been taken 921 times
    485 since last reset
  • The average score is 98 of 197
Answer Stats
球団名 選手名 % Correct
ロッテ 岡大海
95%
巨人 岡本和真
89%
巨人 坂本勇人
88%
阪神 坂本誠志郎
88%
阪神 佐藤輝明
86%
ソフトバンク 佐藤直樹
86%
ロッテ 佐藤都志也
86%
巨人 丸佳浩
84%
オリックス 森友哉
84%
阪神 森下翔太
79%
阪神 近本光司
79%
DeNA 牧秀悟
79%
阪神 大山悠輔
78%
広島 中村奨成
78%
ヤクルト 中村悠平
78%
ソフトバンク 中村晃
78%
ロッテ 中村奨吾
78%
西武 中村剛也
78%
巨人 T.キャベッジ
78%
ヤクルト 村上宗隆
76%
巨人 吉川尚輝
75%
巨人 甲斐拓也
73%
巨人 泉口友汰
72%
ソフトバンク 柳田悠岐
72%
巨人 大城卓三
71%
DeNA 山本祐大
71%
中日 山本泰寛
71%
ソフトバンク 山本恵大
71%
ロッテ 山本大斗
71%
巨人 岸田行倫
70%
ヤクルト 山田哲人
70%
巨人 リチャード
69%
中日 細川成也
69%
ソフトバンク 山川穂高
69%
ロッテ 西川史礁
69%
オリックス 西川龍馬
69%
西武 西川愛也
69%
日本ハム 万波中正
68%
日本ハム F.レイエス
68%
ヤクルト J.オスナ
68%
ソフトバンク 近藤健介
67%
ソフトバンク 野村勇
66%
日本ハム 野村佑希
66%
ヤクルト D.サンタナ
66%
DeNA 宮﨑敏郎
65%
中日 田中幹也
65%
日本ハム 清宮幸太郎
65%
DeNA T.オースティン
65%
DeNA 筒香嘉智
64%
DeNA 桑原将志
64%
中日 岡林勇希
64%
ソフトバンク 周東佑京
64%
巨人 E.ヘルナンデス
64%
阪神 R.ヘルナンデス
64%
広島 S.ファビアン
64%
DeNA 佐野恵太
61%
広島 小園海斗
61%
楽天 太田光
61%
オリックス 太田椋
61%
オリックス 宗佑磨
61%
巨人(CS) 佐々木俊輔
60%
日本ハム 石井一成
60%
楽天 浅村栄斗
60%
ロッテ N.ソト
60%
阪神 小幡竜平
59%
阪神 前川右京
59%
広島 菊池涼介
59%
ヤクルト 伊藤琉偉
59%
中日 石伊雄太
59%
楽天 伊藤裕季也
59%
巨人 中山礼都
58%
広島 E.モンテロ
58%
阪神 中川勇斗
57%
広島 坂倉将吾
57%
中日 上林誠知
57%
オリックス 中川圭太
57%
西武 渡部聖弥
57%
西武 T.ネビン
57%
ヤクルト 古賀優大
56%
楽天 辰己涼介
56%
オリックス 杉本裕太郎
56%
西武 古賀悠斗
56%
ソフトバンク 牧原大成
55%
ロッテ G.ポランコ
55%
中日 J.ボスラー
55%
日本ハム 田宮裕涼
54%
西武 外崎修汰
54%
ソフトバンク 今宮健太
53%
楽天 宗山塁
53%
中日 石川昂弥
52%
楽天 L.ボイト
52%
巨人 増田陸
51%
DeNA 度会隆輝
51%
広島 秋山翔吾
51%
広島 矢野雅哉
51%
ヤクルト 増田珠
51%
日本ハム 水谷瞬
51%
DeNA 松尾汐恩
50%
DeNA 蝦名達夫
50%
中日 中田翔
50%
ソフトバンク 柳町達
50%
日本ハム 郡司裕也
50%
ロッテ 藤原恭大
49%
DeNA 梶原昂希
48%
ソフトバンク 栗原陵矢
48%
日本ハム 水野達稀
48%
オリックス 若月健矢
48%
オリックス 紅林弘太郎
48%
日本ハム A.マルティネス
48%
中日 木下拓哉
47%
楽天 小郷裕哉
47%
巨人 若林楽人
46%
楽天 村林一輝
46%
楽天 鈴木大地
46%
オリックス 頓宮裕真
46%
中日 村松開人
45%
ソフトバンク J.ダウンズ
45%
阪神 髙寺望夢
44%
DeNA 林琢真
44%
広島 末包昇大
44%
広島 林晃汰
44%
ロッテ 寺地隆成
44%
DeNA 戸柱恭孝
43%
ソフトバンク 谷川原健太
43%
楽天 小深田大翔
43%
広島 床田寛樹
41%
ソフトバンク 川瀬晃
41%
日本ハム 伏見寅威
41%
ロッテ 藤岡裕大
41%
西武 長谷川信哉
41%
DeNA A.ジャクソン
40%
日本ハム 山縣秀
39%
DeNA D.ビシエド
39%
中日 O.カリステ
39%
巨人 浅野翔吾
38%
広島 田村俊介
38%
ロッテ 田村龍弘
38%
楽天 中島大輔
38%
中日 福永裕基
37%
日本ハム 五十幡亮汰
37%
オリックス 福永奨
37%
DeNA 京田陽太
36%
日本ハム 矢澤宏太
36%
ロッテ 上田希由翔
36%
ソフトバンク 正木智也
35%
楽天 阿部寿樹
35%
楽天 M.フランコ
35%
DeNA 井上絢登
34%
ヤクルト 茂木栄五郎
34%
中日 加藤匠馬
34%
楽天 O.ゴンザレス
34%
阪神 熊谷敬宥
33%
ヤクルト 内山壮真
33%
ヤクルト 赤羽由紘
33%
ソフトバンク 嶺井博希
33%
ロッテ 山口航輝
33%
オリックス 来田涼斗
33%
広島 堂林翔太
32%
日本ハム 吉田賢吾
32%
中日 M.チェイビス
32%
DeNA 石上泰輝
31%
西武 L.セデーニョ
31%
ロッテ 友杉篤輝
30%
オリックス 廣岡大志
30%
広島 二俣翔一
29%
ロッテ 髙部瑛斗
29%
中日 ブライト健太
28%
ロッテ 角中勝也
28%
オリックス 西野真弘
28%
中日 板山祐太郎
27%
日本ハム 奈良間大己
27%
広島 大盛穂
26%
ソフトバンク 秋広優人
26%
楽天 黒川史陽
26%
楽天 堀内謙伍
25%
オリックス 麦谷祐介
25%
ヤクルト 武岡龍世
24%
日本ハム 淺間大基
24%
日本ハム 今川優馬
24%
巨人 荒巻悠
22%
ヤクルト 北村拓己
22%
ヤクルト 並木秀尊
22%
ヤクルト 北村恵吾
22%
ソフトバンク 廣瀨隆太
22%
西武 村田怜音
21%
ソフトバンク 笹川吉康
20%
ロッテ 池田来翔
20%
西武 山村崇嘉
20%
オリックス J.ディアス
18%
ヤクルト 濱田太貴
16%
DeNA 知野直人
15%
オリックス 野口智哉
15%
ヤクルト 澤井廉
14%
西武 J.D.デービス
13%
楽天 小森航大郎
12%
オリックス 山中稜真
11%
ロッテ S.アセベド
11%
No matching quizzes found
Score Distribution
Percent of People with Each Score
Percentile by Number Answered
Your Score History
You have not taken this quiz since the last reset